Eastern Utah Libraries Catalog: Duchesne, Heber, Roosevelt, & Vernal

Funny girl : (Record no. 223095)

MARC details
000 -LEADER
fixed length control field 01694nam a22004098i 4500
001 - CONTROL NUMBER
control field BK0019363987
005 - DATE AND TIME OF LATEST TRANSACTION
control field 20170707153659.0
008 - FIXED-LENGTH DATA ELEMENTS--GENERAL INFORMATION
fixed length control field 170426s2017 nyu j 000 1 eng d
010 ## - LIBRARY OF CONGRESS CONTROL NUMBER
LC control number bl2017017418
020 ## - INTERNATIONAL STANDARD BOOK NUMBER
International Standard Book Number 9780451477316 : HRD
Terms of availability 16.99
020 ## - INTERNATIONAL STANDARD BOOK NUMBER
International Standard Book Number 0451477316 : HRD
Terms of availability 16.99
037 ## - SOURCE OF ACQUISITION
Source of stock number/acquisition Penguin Group USA, Order Processing Dept 120 Woodbine st, Bergenfield, NJ, USA, 07621
Note SAN 201-3975
040 ## - CATALOGING SOURCE
Original cataloging agency NjBwBT
Language of cataloging eng
Transcribing agency NjBwBT
Description conventions rda
050 14 - LIBRARY OF CONGRESS CALL NUMBER
Classification number PZ5
Item number .F9668 2017
082 04 - DEWEY DECIMAL CLASSIFICATION NUMBER
Classification number [Fic]
Edition number 23
092 ## - LOCALLY ASSIGNED DEWEY CALL NUMBER (OCLC)
Classification number FIC
100 ## - MAIN ENTRY--PERSONAL NAME
Personal name Bird, Betsy (EDT)
245 00 - TITLE STATEMENT
Title Funny girl :
Remainder of title funniest. stories. ever. /
Statement of responsibility, etc edited by Betsy Bird.
264 #1 - Production, Publication, Distribution, Manufacture, and Copyright Notice.
Place of production, publication, distribution, manufacture New York, New York :
Name of producer, publisher, distributor, manufacturer Viking, an imprint of Penguin Random House LLC,
Date of production, publication, distribution, manufacture, or copyr 2017.
300 ## - PHYSICAL DESCRIPTION
Extent pages cm
336 ## - Content Type
Content type term text
337 ## - Media type
Media type term unmediated
338 ## - Carrier type
Carrier type term volume
520 ## - SUMMARY, ETC.
Summary, etc Presents a collection of humorous stories from over two dozen contemporary female writers, as well as autobiographical essays, comics, poems, and comic strips.
650 #1 - SUBJECT ADDED ENTRY--TOPICAL TERM
Topical term or geographic name as entry element Humorous stories.
650 #1 - SUBJECT ADDED ENTRY--TOPICAL TERM
Topical term or geographic name as entry element Short stories.
700 1# - ADDED ENTRY--PERSONAL NAME
Personal name Bird, Betsy,
Relator term editor.
700 12 - ADDED ENTRY--PERSONAL NAME
Personal name Yeager, Delaney.
Title of a work How to tell a joke.
700 12 - ADDED ENTRY--PERSONAL NAME
Personal name Telgemeier, Raina.
Title of a work In which young Raina learns a lesson.
700 12 - ADDED ENTRY--PERSONAL NAME
Personal name DeCamp, Alison.
Title of a work Dear Grandpa: give me money.
700 12 - ADDED ENTRY--PERSONAL NAME
Personal name Vernon, Ursula.
Title of a work Grandma in oil country.
700 12 - ADDED ENTRY--PERSONAL NAME
Personal name Deedy, Carmen Agra.
Title of a work One hot mess.
700 12 - ADDED ENTRY--PERSONAL NAME
Personal name Underwood, Deborah.
Title of a work Fleamail.
700 12 - ADDED ENTRY--PERSONAL NAME
Personal name Bell, Cece.
Title of a work Most serious recitation of the poem "Trees."
700 12 - ADDED ENTRY--PERSONAL NAME
Personal name DiPucchio, Kelly.
Title of a work Things could be verse.
700 12 - ADDED ENTRY--PERSONAL NAME
Personal name Hughes, Akilah.
Title of a work Swimming is for other kids.
700 12 - ADDED ENTRY--PERSONAL NAME
Personal name Underwood, Deborah.
Title of a work Dear Bella and Rover.
Holdings
Withdrawn status Lost status Source of classification or shelving scheme Damaged status Not for loan Collection code Home library Current library Shelving location Date acquired Source of acquisition Total Checkouts Total Renewals Full call number Barcode Date last seen Date checked out Cost, replacement price Price effective from Koha item type
    Dewey Decimal Classification     Junior Fiction Wasatch County Library Wasatch County Library Main Floor Junior Area 08/17/2022 Amazon 5 4 J Bird 34301001860180 12/22/2025 11/29/2025 19.80 08/17/2022 BOOK
This project was made possible through a grant from the Institute of Museum and Library Service administered by the Utah State Library Division.

Wasatch County Library

  • 465 East 1200 South, Heber City, Utah 84032
  • Phone 435-654-1511 | Fax 435-654-6456

Hours

  • Monday - Friday 9:30 AM - 8:00 PM
  • Saturday 9:30 AM - 1:30 PM
  • Closed Sundays and Holidays